000 02590nam a22004214i 4500
003 PE-LiUPU
005 20250731183403.0
008 170816s2014 nyua rb 000 0 eng d
020 _a0989331776
020 _a9780989331777
035 _a(Sirsi) a238307
040 _aPE-LiUPU
_bspa
_cPE-LiUPU
_erda
049 _aPRUA
082 _a725.60946
_bP15
_221
100 1 _aPaez, Roger,
_eautor.
245 1 0 _aCritical prison design :
_bMas d'Enric penitentiary by AiB arquitectes + Estudi PSP Arquitectura /
_cRoger Paez ; editor, Ricardo Devesa.
264 _aNew York :
_bActar Publishers,
_c2014.
300 _a245 páginas :
_bilustraciones ;
_c21 centímetros
336 _atext
_2rdacontent
337 _aunmediated
_2rdamedia
338 _avolume
_2rdacarrier
504 _aBibliografía : páginas 242-243.
505 _aMas d'Enric Penitentiary -- Somewhere lions still roam / Roger Paez -- Concept : Visibilization : Confined / Keller Easterling -- Genealogy : Walls, bars, open space / Adrià Carbonell -- Discipline and freedom : Mas d'Enric, landscape and self-awareness / Lluis Ortega -- Totality : The coat of the jaguar / Juan Azulay -- Vibration : Architecture and the potential for effect / Juan Elvira -- The outside : Doing time / Ed Keller -- Topology-typology : Stick your head out / Ramon Faura -- Design : Project overview ; Façades ; Roofs ; Program ; External area ; Intermediate area ; Residential blocks ; Cultural and sports facilities ; Solitary confinement, infirmary, kitchen-laundry-storage, workshops ; Interior promenade -- Fictions : Escorça / Camí ; Full circle / Eoghann MacColl ; Correspondence / Angela Kay Bunning ; Breaking and entry / Gruff Rhys ; A nomadic prison / AiB arquitectes ; Hic Sunt Leones / Jordi Bernadó and 15-L. Films.
526 _aP158
526 _aP146
526 _aP17
526 _aP12
526 _aP06
650 0 4 _aPrisiones
_x Diseño y construcción
_zEspaña
_zTarrgona.
700 1 _aDevesa, Ricardo.,
_eeditor.
910 _ajck
_bjvq
_cwmm
_d20170816
942 _2ddc
_cBOOK
949 _a725.60946 P15
_wDEWEY
_c1
_i72730
_lCATALOGING
_mBUL
_p43.15
_r0
_sY
_tBOOK
_u2017-08-16
_xINGENIERIA
_PP06
_0COMPRA
_o.STAFF. Colección Ingeniería y Arquitectura
994 _aC0
_bPEPRU
596 _a1
999 _a725.60946 P15
_wDEWEY
_c25001
_i76730
_f2021-11-10
_g4
_lCCODEBUL1
_mBUL
_p43.15
_r0
_sY
_tBOOK
_u2017-8-16
_xINGENIERIA
_PP06
_0COMPRA
_o.STAFF. Colección Ingeniería y Arquitectura
_d25001
980 _81
_gALBERTO SANCHEZ Responsable de Automatización